| 000 | 02019cam a22006014i 4500 | ||
|---|---|---|---|
| 003 | PE-LiUPU | ||
| 005 | 20250731170439.0 | ||
| 008 | 150625s r 000 0 d | ||
| 020 | _a8428524009 | ||
| 035 | _a(Sirsi) i9788428524001 | ||
| 040 |
_aPE-LiUPU _bspa _cPE-LiUPU _erda |
||
| 049 | _aPRUA | ||
| 082 | 0 | 4 |
_a174.2 _bA33 _221 |
| 100 | 1 |
_aAlarcos Martínez, Francisco José, _eautor. |
|
| 245 | 1 | 0 |
_aBioética y pastoral de la salud / _cFrancisco José Alarcos Martínez. |
| 264 | 1 |
_aMadrid : _bSan Pablo, _c2002. |
|
| 300 |
_a286 páginas ; _c21 centímetros |
||
| 336 |
_atext _2rdacontent |
||
| 337 |
_aunmediated _2rdamedia |
||
| 338 |
_avolume _2rdacarrier |
||
| 490 | 0 |
_aSalud y Vida ; _v2 |
|
| 504 | _aIncluye referencias bibliográficas. | ||
| 505 | 0 | _aEl problema de la ética en nuestros días. -El origen de la ética. -La relación entre ética y religión. -La bioética moderna. -La comprensión de la salud. -Fundamentación bioética y teológica de la pastoral de la salud. | |
| 526 | _aSEG68 | ||
| 526 | _aSEG70 | ||
| 526 | _aSEG69 | ||
| 526 | _aSEG67 | ||
| 526 | _aSEG43 | ||
| 526 | _aP144 | ||
| 526 | _aP143 | ||
| 526 | _aP131 | ||
| 526 | _aP122 | ||
| 526 | _aP120 | ||
| 526 | _aP117 | ||
| 526 | _aP112 | ||
| 526 | _aP110 | ||
| 526 | _aP106 | ||
| 526 | _aP101 | ||
| 526 | _aP80 | ||
| 526 | _aP59 | ||
| 526 | _aP54 | ||
| 526 | _aP35 | ||
| 526 | _aP33 | ||
| 526 | _aP30 | ||
| 541 | _g007-0017629; | ||
| 650 | 0 | 4 | _aBioética. |
| 650 | 0 | 4 | _aPastoral de la salud. |
| 942 |
_2ddc _cBOOK |
||
| 949 |
_a174.2 A33 _wDEWEY _c1 _i55897 _d2015-10-28 _e2015-10-26 _lCCODEBUL1 _mBUL _n5 _p11.00 _r0 _sY _tBOOK _u2015-6-25 _xSALUD _zUNKNOWN _0COMPRA _o.STAFF. Colección General |
||
| 994 |
_aC0 _bPEPRU |
||
| 596 | _a1 | ||
| 999 |
_a174.2 A33 _wDEWEY _c44735 _i55897 _d44735 _e2019-6-17 _f2021-11-9 _g5 _lCCODEBUL1 _mBUL _n10 _p11.00 _q1 _r0 _sY _tBOOK _u2015-6-25 _xTEOLOGIA _zUNKNOWN _0COMPRA _o.STAFF. Colección General |
||
| 980 |
_81 _gALBERTO SANCHEZ Responsable de Automatización |
||